Biggest Oceanian cities in 10° rectangles, on an empty map - Statistics

General Stats
  • This quiz has been taken 38 times
    24 since last reset
  • The average score is 16 of 31
Answers on the Map
Answers color-coded by a green-red scale on the quiz's map according to % correct below.
 
Answer Stats
Pop City % Correct
4.97 M Sydney
100%
1.48 M Auckland
95%
5.00 M Melbourne
95%
2.25 M Perth
95%
3.35 M Brisbane
91%
377 k Christchurch
86%
364 k Port Moresby
86%
185 k Suva
86%
122 k Darwin
82%
1.42 M Adelaide
77%
197 k Hobart
73%
35.9 k Apia
68%
169 k Honiara
64%
853 k Honolulu
64%
49.5 k Port Vila
59%
24.8 k Alice Springs
50%
34.1 k Nukuʻalofa
50%
63.4 k South Tarawa
50%
182 k Nouméa
41%
41.4 k Hilo
36%
173 k Townsville
36%
124 k Papeete
32%
49.8 k Invercargill
18%
118 k Sorong
18%
139 k Dededo
14%
29.0 k Kalgoorlie
14%
80.4 k Mackay
14%
11.8 k Alotau
9%
32.7 k Geraldton
9%
15.5 k Malango
9%
13.8 k Weno
9%
No matching quizzes found
Score Distribution
Percent of People with Each Score
Percentile by Number Answered
Your Score History
You have not taken this quiz since the last reset